000 00588nam a2200241Ia 4500
005 20260320200945.0
008 008 262003s9999 xx 000 0 eng d
037 _aEBOOK
040 _aCRL
040 _beng
040 _cCRL
041 _2eng
041 _aeng
084 _qCRL
100 _aViardot
_91133886
245 0 _aSuccessful Marketing Strategy for High-Tech Firms, Third Edition
260 _bIEEE
260 _c2004
856 _uhttps://ieeexplore.ieee.org/servlet/opac?bknumber=9107193
942 _cEBOOK
999 _c1717909
_d1717909